| Поле | Инд. | ПП | Название | Значение |
|---|---|---|---|---|
| Тип записи | a | |||
| Библиографический уровень | a | |||
| 001 | Контрольный номер | a958e3f380bc4de19877c3c5fef02b0c | ||
| 005 | Дата корректировки | 20181127110544.1 | ||
| 100 | a | Данные общей обработки | 20181127 ||| 0rusy0189 ca | |
| 101 | 0_ | a | Язык текста | rus |
| 102 | a | Страна публикации | RU | |
| 200 | 1_ | f | Первые сведения об ответственности | Н.Б. Малявина, И.И. Баукина |
| a | Заглавие | Вопросы судебной практики соотношения договора розничной купли-продажи и договора бытового подряда на примере споров с участием потребителей | ||
| b | Общее обозначение материала | Текст | ||
| 210 | 1_ | d | Дата издания | 2017 |
| 461 | _0 | 1 | 2000 | |
| a | Арбитражный и гражданский процесс | |||
| 463 | _0 | 1 | 2000 | |
| a | № 3 | |||
| v | С. 19-22 | |||
| 1 | 2101 | |||
| d | 2017 | |||
| 1 | 001c106343d26d24f1e89087637ada5b6df | |||
| 606 | a | Основная рубрика | Гражданское и торговое право | |
| 610 | 0_ | a | Ключевые слова | РГУП |
| a | Ключевые слова | ДОГОВОР КУПЛИ-ПРОДАЖИ | ||
| a | Ключевые слова | ДОГОВОР ПОДРЯДА | ||
| a | Ключевые слова | ЗАЩИТА ПРАВ ПОТРЕБИТЕЛЕЙ | ||
| 700 | _1 | a | Фамилия | Малявина |
| b | Имя | Н.Б. | ||
| 701 | _1 | a | Фамилия | Баукина |
| b | Имя | И.И. | ||
| 801 | _0 | a | Страна | RU |
| b | Организация | РГУП | ||
| c | Дата составления | 20181127 | ||
| g | Правила каталогизации | PSBO | ||
| 801 | _1 | a | Страна | RU |
| b | Организация | РГУП | ||
| c | Дата составления | 20181127 | ||
| g | Правила каталогизации | PSBO | ||
| 901 | t | Тип документа | b | |
| w | Контрольный № источника | c106343d26d24f1e89087637ada5b6df | ||
| 905 | a | Дата ввода | 20181127 |